000 00526nam a2200193Ia 4500
005 20250326141656.0
008 250326s9999 xx 000 0 und d
020 _a81-7024-253-3
037 _aTextbook
040 _aFMSL
_beng
_cFMSL
041 _aeng
_2eng
084 _aX:89ZB M9
_qFMSL
100 _aGedam R M
_9742041
245 0 _aFacets of economic development.
_cGedam R M
260 _aNew Delhi
_bNew Delhi, Ashish
_c1989
300 _a515p
942 _cTB
_hX:89ZB M9
999 _c1291441
_d1291441